00582 2200217 4500001002100000005001700021008004100038035002400079082001500103090002000118245005400138260002900192300001800221500002800239650003200267700001700299850001200316980001500328985000600343999001500349YOGYA-0209000005927020090227034626.0 ind  0010-020900000059270 a899.211111 a899.211111bHik aHikayat Tajuk Mulukcalih aksara oleh Ramli Harun aJakartabDepdikbudc1982 a...jilc21 cm aYang diterima : jil. II aKesusastraan Aceh - Hikayat aHarun, Ramli aYOPDYOG a23-07-2008 a1 aa000062262